My life in art (Record no. 124754)
[ view plain ]
| 000 -LEADER | |
|---|---|
| fixed length control field | 01148cam a22003734a 4500 |
| 001 - CONTROL NUMBER | |
| control field | 6481934 |
| 003 - CONTROL NUMBER IDENTIFIER | |
| control field | ARRUPE |
| 005 - DATE AND TIME OF LATEST TRANSACTION | |
| control field | 20160504100440.0 |
| 008 - FIXED-LENGTH DATA ELEMENTS--GENERAL INFORMATION | |
| fixed length control field | 070904s2008 enkaf b 000 0aeng |
| 010 ## - LIBRARY OF CONGRESS CONTROL NUMBER | |
| LC control number | 2007036602 |
| 020 ## - INTERNATIONAL STANDARD BOOK NUMBER | |
| International Standard Book Number | 9780415436571 (hardback : alk. paper) |
| 020 ## - INTERNATIONAL STANDARD BOOK NUMBER | |
| International Standard Book Number | 0415436575 (hardback : alk. paper) |
| 024 ## - OTHER STANDARD IDENTIFIER | |
| Standard number or code | 40015165365 |
| 035 ## - SYSTEM CONTROL NUMBER | |
| System control number | (OCoLC)ocn168723873 |
| 035 ## - SYSTEM CONTROL NUMBER | |
| System control number | (OCoLC)168723873 |
| 035 ## - SYSTEM CONTROL NUMBER | |
| System control number | (NNC)6481934 |
| 040 ## - CATALOGING SOURCE | |
| Original cataloging agency | DLC |
| Transcribing agency | DLC |
| Modifying agency | BAKER |
| -- | BTCTA |
| -- | YDXCP |
| -- | C#P |
| 041 1# - LANGUAGE CODE | |
| Language code of text/sound track or separate title | eng |
| Language code of original and/or intermediate translations of text | rus |
| 043 ## - GEOGRAPHIC AREA CODE | |
| Geographic area code | e-ur--- |
| 050 00 - LIBRARY OF CONGRESS CALL NUMBER | |
| Classification number | PN2728.S78 |
| Item number | A3 2008 |
| 082 00 - DEWEY DECIMAL CLASSIFICATION NUMBER | |
| Classification number | 792.02/33092 |
| -- | B |
| Edition number | 22 |
| 300 ## - PHYSICAL DESCRIPTION | |
| Other physical details | ill. ; |
| Dimensions | 20 cm. |
| 100 1# - MAIN ENTRY--PERSONAL NAME | |
| Personal name | Stanislavsky, Constantin, |
| Dates associated with a name | 1863-1938. |
| 9 (RLIN) | 23522 |
| 240 10 - UNIFORM TITLE | |
| Language of a work | English |
| 245 10 - TITLE STATEMENT | |
| Title | My life in art |
| Statement of responsibility, etc | / Constantin Stanislavski. |
| 260 ## - PUBLICATION, DISTRIBUTION, ETC. (IMPRINT) | |
| Place of publication, distribution, etc | New York : |
| Name of publisher, distributor, etc | Routledge/ Theartre Arts Books, |
| Date of publication, distribution, etc | 1996. |
| 300 ## - PHYSICAL DESCRIPTION | |
| Extent | xi, 582 p. ; |
| 500 ## - GENERAL NOTE | |
| General note | Published originally in 1924 |
| 650 #0 - SUBJECT ADDED ENTRY--TOPICAL TERM | |
| Topical term or geographic name as entry element | Actors |
| General subdivision | Correspondence |
| 9 (RLIN) | 24222 |
| 650 #0 - SUBJECT ADDED ENTRY--TOPICAL TERM | |
| Topical term or geographic name as entry element | Moscow art theatre |
| 9 (RLIN) | 24223 |
| 700 1# - ADDED ENTRY--PERSONAL NAME | |
| Personal name | Aleksieev, Kanstantin Sergieevich |
| 9 (RLIN) | 24224 |
| 942 ## - ADDED ENTRY ELEMENTS (KOHA) | |
| Source of classification or shelving scheme | Library of Congress Classification |
| Koha item type | Monograph ( Printed materials) |
| 948 1# - LOCAL PROCESSING INFORMATION (OCLC); SERIES PART DESIGNATOR (RLIN) | |
| Series part designator, SPT (RLIN) | 20080318 |
| b (OCLC) | c |
| c (OCLC) | jeb52 |
| d (OCLC) | MPS |
| Withdrawn status | Lost status | Source of classification or shelving scheme | Damaged status | Not for loan | Collection code | Home library | Current library | Shelving location | Date acquired | Total Checkouts | Full call number | Barcode | Date last seen | Price effective from | Koha item type |
|---|---|---|---|---|---|---|---|---|---|---|---|---|---|---|---|
| Library of Congress Classification | Main Collection | ARRUPE LIBRARY | ARRUPE LIBRARY | Main Collection | 28/04/2016 | PN2728.S8 A3 | 46500006421 | 27/03/2019 | 28/04/2016 | Monograph ( Printed materials) |